000 00641nam a2200229 i 4500
001 94177
003 ES-MaACL
005 20230906181423.0
007 t|
008 050630s2004 sp ||||1| spa d
020 _a84-96049-62-0
080 _a821.134.2-31"19"
100 1 _aMiralles, Santiago.
_981491
245 1 0 _aDos mil Madrid cincuenta y cuatro /
_cSantiago Miralles.
250 _a1ยช ed.
260 _aMadrid :
_bCalambur,
_c2004.
300 _a235 p. ;
_c24 cm.
490 1 _aCalambur narrativa ;
_v21
830 0 _aCalambur narrativa ;
_v21
_9184321
852 _aES-MaACL
_jL-29238
_bR.135645
999 _c94177
_d94177